Last Lecture (Record no. 140425)

MARC details
000 -LEADER
fixed length control field 00638nam a2200229Ia 4500
003 - CONTROL NUMBER IDENTIFIER
control field OSt
005 - DATE AND TIME OF LATEST TRANSACTION
control field 20251118120619.0
008 - FIXED-LENGTH DATA ELEMENTS--GENERAL INFORMATION
fixed length control field 210210b2008 xxu||||| |||| 00| 0 eng d
040 ## - CATALOGING SOURCE
Transcribing agency AL
041 ## - LANGUAGE CODE
Language code of text/sound track or separate title Kannada
082 ## - DEWEY DECIMAL CLASSIFICATION NUMBER
Classification number 925K PAUL
100 ## - MAIN ENTRY--PERSONAL NAME
Personal name PAUSCH (Randy)
Dates associated with a name ಪೌಷ್ (ರಾಂಡಿ)
9 (RLIN) 246148
245 ## - TITLE STATEMENT
Title Last Lecture
Remainder of title ಲಾಸ್ಟ ಲೆಕ್ಚರ್
260 ## - PUBLICATION, DISTRIBUTION, ETC.
Place of publication, distribution, etc. Maisuru
Name of publisher, distributor, etc. -
Date of publication, distribution, etc. 2008
300 ## - PHYSICAL DESCRIPTION
Extent 246
650 ## - SUBJECT ADDED ENTRY--TOPICAL TERM
Topical term or geographic name entry element lekchar
9 (RLIN) 246149
650 ## - SUBJECT ADDED ENTRY--TOPICAL TERM
Topical term or geographic name entry element Last
9 (RLIN) 246150
690 ## - LOCAL SUBJECT ADDED ENTRY--TOPICAL TERM (OCLC, RLIN)
Topical term or geographic name as entry element Biography
9 (RLIN) 246151
700 ## - ADDED ENTRY--PERSONAL NAME
Personal name ZASLOW (Jeffery)
9 (RLIN) 246152
Dates associated with a name ಝಶ್ಲೋ (ಜೆಫ್ರಿ
906 ## - LOCAL DATA ELEMENT F, LDF (RLIN)
a 064192
942 ## - ADDED ENTRY ELEMENTS (KOHA)
Source of classification or shelving scheme Dewey Decimal Classification
Koha item type Book
Holdings
Withdrawn status Lost status Source of classification or shelving scheme Damaged status Not for loan Collection code Home library Current library Shelving location Date acquired Source of acquisition Cost, normal purchase price Total Checkouts Full call number Barcode Date last seen Price effective from Koha item type
    Dewey Decimal Classification     Kannada St Aloysius Library St Aloysius Library   02/17/2021 Athree Book Centre Balmatta, Mangalore-01 100.00   925K PAUL 064192 02/17/2021 02/17/2021 Book